Phương pháp phần tử hữu hạn với Matlab
Bewaard in:
| Hoofdauteur: | |
|---|---|
| Formaat: | Boek |
| Taal: | Undetermined |
| Gepubliceerd in: |
Tp. HCM
ĐHQG
|
| Onderwerpen: | |
| Tags: |
Voeg label toe
Geen labels, Wees de eerste die dit record labelt!
|
| Thư viện lưu trữ: | Trung tâm Học liệu Trường Đại học Cần Thơ |
|---|
| LEADER | 00556nam a2200181Ia 4500 | ||
|---|---|---|---|
| 001 | CTU_47482 | ||
| 008 | 210402s9999 xx 000 0 und d | ||
| 082 | |a 624.150285 | ||
| 082 | |b S464 | ||
| 100 | |a NGUYỄN HOÀI SƠN | ||
| 245 | 0 | |a Phương pháp phần tử hữu hạn với Matlab | |
| 245 | 0 | |c NGUYỄN HOÀI SƠN | |
| 260 | |a Tp. HCM | ||
| 260 | |b ĐHQG | ||
| 526 | |a Vật lý tính toán | ||
| 526 | |b SG250 | ||
| 650 | |a construction data processing industry | ||
| 980 | |a Trung tâm Học liệu Trường Đại học Cần Thơ | ||